Southville International School and Colleges
Your cart is empty.
  • Cart
  • Lists
    Public lists Eva Luna New books Lux_list list_1
    Your lists Log in to create your own lists
  • Log in to your account
  • Your cookies
  • Search history
Southville International School and Colleges
  • Advanced search
  • Recent comments
  • Most popular
  • Libraries

Log in to your account

Log in with GOOGLE


If you do not have an external account, but do have a local account, you can still log in:

  1. Home
  2. MARC view: The ringmaster /
Normal view MARC view ISBD view

The ringmaster / (Record no. 11119)

[ view plain ]
MARC details
000 -LEADER
fixed length control field 00782nam a2200253 a 4500
001 - CONTROL NUMBER
control field 4877625
003 - CONTROL NUMBER IDENTIFIER
control field LC
005 - DATE AND TIME OF LATEST TRANSACTION
control field 20160301120912.0
008 - FIXED-LENGTH DATA ELEMENTS--GENERAL INFORMATION
fixed length control field 920610s1991 enk 000 1 eng
010 ## - LIBRARY OF CONGRESS CONTROL NUMBER
LC control number 92172842
020 ## - INTERNATIONAL STANDARD BOOK NUMBER
International Standard Book Number 9780434858989
Terms of availability £14.99
040 ## - CATALOGING SOURCE
Original cataloging agency DLC
Transcribing agency DLC
050 00 - LIBRARY OF CONGRESS CALL NUMBER
Classification number PR 9619.3
Item number .W4 1992
082 00 - DEWEY DECIMAL CLASSIFICATION NUMBER
Classification number FIC
Item number W52r 1991
100 1# - MAIN ENTRY--PERSONAL NAME
Personal name West, Morris L.,
Dates associated with a name 1916-
9 (RLIN) 19003
245 14 - TITLE STATEMENT
Title The ringmaster /
Statement of responsibility, etc Morris West.
260 ## - PUBLICATION, DISTRIBUTION, ETC. (IMPRINT)
Place of publication, distribution, etc London :
Name of publisher, distributor, etc Heinemann,
Date of publication, distribution, etc c1992.
300 ## - PHYSICAL DESCRIPTION
Extent 309 p. :
Other physical details 18 cm.
650 ## - SUBJECT ADDED ENTRY--TOPICAL TERM
Topical term or geographic name as entry element Fiction.
9 (RLIN) 746
906 ## - LOCAL DATA ELEMENT F, LDF (RLIN)
a 7
b cbc
c orignew
d 3
e ncip
f 19
g y-gencatlg
942 ## - ADDED ENTRY ELEMENTS (KOHA)
Source of classification or shelving scheme Library of Congress Classification
Koha item type Books
Holdings
Withdrawn status Lost status Source of classification or shelving scheme Damaged status Home library Current library Shelving location Date acquired Total Checkouts Full call number Barcode Date last seen Copy number Price effective from Koha item type
    Library of Congress Classification   Luxembourg Library Luxembourg Library Fiction Section 09/13/2013   PR 9619.3 .W4 1992 6825 09/13/2013 1 09/13/2013 Books

The ringmaster /

APA

West M. L., . (1992). The ringmaster. London: Heinemann.

Chicago

West Morris L, . 1992. The ringmaster. London: Heinemann.

Harvard

West M. L., . (1992). The ringmaster. London: Heinemann.

MLA

West Morris L, . The ringmaster. London: Heinemann. 1992.

  • Place hold
  • Print
  • Cite
  • Add to your cart (remove)
  • Save record
    BIBTEX Dublin Core MARCXML MARC (non-Unicode/MARC-8) MARC (Unicode/UTF-8) MARC (Unicode/UTF-8, Standard) MODS (XML) RIS
  • More searches
    Search for this title in:
    Other Libraries (WorldCat) Other Databases (Google Scholar) Online Stores (Bookfinder.com) Open Library (openlibrary.org)

Exporting to Dublin Core...

SOUTHVILLE LIBRARY

Southville International School and Colleges Library

1281 Tropical Ave. Cor. Luxembourg St., BF Homes International, Las Pinas City

Tel. No. 8256374 / 252358 Loc. 117/146

Powered by Koha